[Event "DEM U16w 2021"]
[Site "Willingen GER"]
[Date "2021.08.23"]
[Round "2"]
[White "Hafermann, Lara"]
[Black "Doll, Rebecca"]
[Result "1/2-1/2"]
[Termination "normal"]
[Board "5"]
[WhiteElo "1349"]
[BlackElo "1803"]
[WhiteClock "00:25:49"]
[BlackClock "00:15:14"]
[PlyCount "98"]
[WhiteFideId "16298306"]
[BlackFideId "16236890"]
[EventCountry "GER"]
[EventRounds "9"]
[EventType "swiss"]
[EventDate "2021.08.22"]

1. b3 {[%clk 1:30:56]} e5 {[%clk 1:28:23]} 2. Bb2 {[%clk 1:31:14]} e4 {[%clk
1:27:33]} 3. e3 {[%clk 1:29:11]} Nf6 {[%clk 1:25:55]} 4. d3 d5 {[%clk 1:19:44]}
5. dxe4 {[%clk 1:17:32]} Nxe4 {[%clk 1:19:03]} 6. Nf3 {[%clk 1:15:43]} Bb4+
{[%clk 1:12:22]} 7. c3 {[%clk 1:12:13]} Be7 {[%clk 1:09:20]} 8. Nbd2 {[%clk
1:07:14]} O-O {[%clk 1:05:49]} 9. Be2 {[%clk 1:05:10]} f5 {[%clk 0:55:08]} 10.
O-O {[%clk 1:00:19]} Nd7 {[%clk 0:50:36]} 11. Nd4 {[%clk 0:53:31]} Ne5 {[%clk
0:46:04]} 12. c4 {[%clk 0:50:20]} Kh8 {[%clk 0:34:02]} 13. Rc1 {[%clk 0:39:03]}
c6 {[%clk 0:32:20]} 14. N2f3 {[%clk 0:35:41]} Ng6 {[%clk 0:28:57]} 15. cxd5
{[%clk 0:33:36]} Qxd5 {[%clk 0:25:18]} 16. Bc4 {[%clk 0:31:08]} Qd6 {[%clk
0:24:55]} 17. Qc2 {[%clk 0:29:59]} Bf6 {[%clk 0:22:00]} 18. Rfd1 {[%clk
0:25:16]} Qe7 {[%clk 0:21:39]} 19. Bd3 {[%clk 0:21:05]} Nh4 {[%clk 0:18:19]}
20. Nxh4 {[%clk 0:19:34]} Bxh4 {[%clk 0:18:33]} 21. Bxe4 {[%clk 0:18:45]} fxe4
{[%clk 0:18:36]} 22. Rd2 {[%clk 0:18:28]} Bg4 {[%clk 0:16:46]} 23. Qc3 {[%clk
0:12:12]} Qf7 {[%clk 0:15:38]} 24. Rcc2 {[%clk 0:07:41]} Qg6 {[%clk 0:12:46]}
25. g3 {[%clk 0:01:43]} Bf6 {[%clk 0:08:42]} 26. Qc4 {[%clk 0:02:10]} Rfe8
{[%clk 0:04:49]} 27. Qf1 {[%clk 0:01:26]} Qh6 {[%clk 0:03:40]} 28. Ne2 {[%clk
0:01:20]} Rad8 {[%clk 0:03:17]} 29. Bxf6 {[%clk 0:01:37]} Qxf6 {[%clk 0:02:48]}
30. h3 {[%clk 0:01:32]} Bxe2 {[%clk 0:02:17]} 31. Qxe2 {[%clk 0:01:52]} Re5
{[%clk 0:01:49]} 32. Qd1 {[%clk 0:01:02]} Red5 {[%clk 0:01:05]} 33. Rxd5 {[%clk
0:01:18]} Rxd5 {[%clk 0:01:12]} 34. Rd2 {[%clk 0:01:40]} Qe6 {[%clk 0:00:49]}
35. Rxd5 {[%clk 0:01:13]} cxd5 {[%clk 0:01:10]} 36. Kg2 {[%clk 0:01:09]} Kg8
{[%clk 0:01:23]} 37. f3 {[%clk 0:01:15]} Kf7 {[%clk 0:01:03]} 38. g4 {[%clk
0:00:41]} g5 {[%clk 0:00:55]} 39. Qf1 {[%clk 0:00:58]} Kg6 {[%clk 0:00:33]} 40.
Qb1 {[%clk 0:00:48]} Qe5 {[%clk 0:00:49]} 41. fxe4 {[%clk 0:00:40]} dxe4 {[%clk
0:24:03]} 42. Qf1 {[%clk 0:29:22]} Qa5 {[%clk 0:20:54]} 43. Qf2 {[%clk
0:29:18]} Qd5 {[%clk 0:19:27]} 44. Kg3 {[%clk 0:25:29]} Qc5 {[%clk 0:18:19]}
45. Kg2 {[%clk 0:25:39]} a5 {[%clk 0:18:26]} 46. Kg3 {[%clk 0:25:36]} b5 {[%clk
0:18:38]} 47. Kg2 {[%clk 0:25:22]} a4 {[%clk 0:18:42]} 48. bxa4 {[%clk
0:25:37]} bxa4 {[%clk 0:19:00]} 49. Kg3 {[%clk 0:25:49]} Qe5+ {[%clk 0:15:14]}
1/2-1/2

[Event "DEM U16w 2021"]
[Site "Willingen GER"]
[Date "2021.08.23"]
[Round "2"]
[White "Yue, Qizhou"]
[Black "Derling, Charlotte"]
[Result "1-0"]
[Termination "normal"]
[Board "6"]
[WhiteElo "1798"]
[BlackElo "1432"]
[WhiteClock "00:22:27"]
[BlackClock "00:17:33"]
[PlyCount "103"]
[WhiteFideId "16273800"]
[BlackFideId "16222237"]
[EventCountry "GER"]
[EventRounds "9"]
[EventType "swiss"]
[EventDate "2021.08.22"]

1. e4 {[%clk 1:30:58]} c5 {[%clk 1:30:53]} 2. Nf3 {[%clk 1:31:21]} d6 {[%clk
1:31:13]} 3. d4 {[%clk 1:31:45]} cxd4 {[%clk 1:31:36]} 4. Nxd4 {[%clk 1:32:09]}
Nf6 {[%clk 1:31:47]} 5. Nc3 {[%clk 1:32:31]} g6 {[%clk 1:31:44]} 6. Be2 {[%clk
1:32:38]} Bg7 {[%clk 1:31:50]} 7. O-O {[%clk 1:32:37]} Nc6 {[%clk 1:31:15]} 8.
Nb3 {[%clk 1:32:41]} O-O {[%clk 1:30:22]} 9. Re1 {[%clk 1:29:40]} Bd7 {[%clk
1:26:19]} 10. Bf1 {[%clk 1:28:37]} Rc8 {[%clk 1:18:03]} 11. Nd5 {[%clk
1:23:07]} Nxd5 {[%clk 1:06:05]} 12. exd5 {[%clk 1:23:25]} Ne5 {[%clk 1:04:56]}
13. c3 {[%clk 1:21:40]} Ng4 {[%clk 0:58:07]} 14. h3 {[%clk 1:21:07]} Nf6 {[%clk
0:56:43]} 15. Bg5 {[%clk 1:13:30]} Re8 {[%clk 0:54:43]} 16. Qd2 {[%clk
1:10:11]} a6 {[%clk 0:48:14]} 17. g3 {[%clk 1:07:17]} Bf5 {[%clk 0:45:14]} 18.
Bg2 {[%clk 1:05:51]} b5 {[%clk 0:42:37]} 19. Nd4 {[%clk 1:00:41]} Bd7 {[%clk
0:41:33]} 20. Rad1 {[%clk 0:48:18]} Qb6 {[%clk 0:34:57]} 21. a3 {[%clk
0:43:59]} a5 {[%clk 0:33:26]} 22. Be3 {[%clk 0:42:51]} Qb7 {[%clk 0:30:31]} 23.
Ne2 {[%clk 0:36:38]} Rc4 {[%clk 0:26:21]} 24. Bd4 {[%clk 0:33:26]} b4 {[%clk
0:21:03]} 25. cxb4 {[%clk 0:31:24]} axb4 {[%clk 0:20:05]} 26. b3 {[%clk
0:31:15]} Rc7 {[%clk 0:12:17]} 27. axb4 {[%clk 0:30:39]} Bf5 {[%clk 0:10:39]}
28. Rc1 {[%clk 0:28:39]} Rxc1 {[%clk 0:06:55]} 29. Rxc1 {[%clk 0:28:48]} Ne4
{[%clk 0:05:54]} 30. Bxe4 {[%clk 0:28:52]} Bxe4 {[%clk 0:03:55]} 31. Bxg7
{[%clk 0:27:35]} Qd7 {[%clk 0:03:38]} 32. Qd4 {[%clk 0:22:16]} Bf3 {[%clk
0:03:18]} 33. Nf4 {[%clk 0:21:24]} g5 {[%clk 0:02:53]} 34. Bh6 {[%clk 0:21:04]}
f6 {[%clk 0:02:39]} 35. Ne6 {[%clk 0:21:00]} Rc8 {[%clk 0:01:02]} 36. Ra1
{[%clk 0:17:21]} Qb7 {[%clk 0:00:37]} 37. Bxg5 {[%clk 0:02:04]} Qxd5 {[%clk
0:00:40]} 38. Qxd5 {[%clk 0:01:39]} Bxd5 {[%clk 0:00:48]} 39. Bxf6 {[%clk
0:01:22]} exf6 {[%clk 0:00:34]} 40. Nd4 {[%clk 0:01:43]} Rb8 {[%clk 0:00:35]}
41. b5 {[%clk 0:01:22]} Be4 {[%clk 0:28:18]} 42. Ra6 {[%clk 0:28:57]} Bd3
{[%clk 0:22:46]} 43. Rxd6 {[%clk 0:28:54]} Bxb5 {[%clk 0:22:55]} 44. Rxf6
{[%clk 0:29:03]} Be8 {[%clk 0:19:43]} 45. g4 {[%clk 0:24:47]} Bf7 {[%clk
0:19:06]} 46. Rf3 {[%clk 0:23:22]} Rb4 {[%clk 0:19:06]} 47. Rd3 {[%clk
0:22:10]} Bg6 {[%clk 0:18:42]} 48. Nf5 {[%clk 0:22:24]} Bxf5 {[%clk 0:17:19]}
49. gxf5 {[%clk 0:22:49]} Rf4 {[%clk 0:17:24]} 50. Kg2 {[%clk 0:22:16]} Rxf5
{[%clk 0:17:25]} 51. Rg3+ {[%clk 0:22:05]} Kf7 {[%clk 0:17:33]} 52. Rf3 {[%clk
0:22:27]} 1-0

[Event "DEM U16w 2021"]
[Site "Willingen GER"]
[Date "2021.08.23"]
[Round "2"]
[White "Kalina, Lena"]
[Black "Becker, Linda"]
[Result "0-1"]
[Termination "normal"]
[Board "7"]
[WhiteElo "1605"]
[BlackElo "1674"]
[WhiteClock "00:00:57"]
[BlackClock "00:14:28"]
[PlyCount "76"]
[WhiteFideId "12988014"]
[BlackFideId "16244753"]
[EventCountry "GER"]
[EventRounds "9"]
[EventType "swiss"]
[EventDate "2021.08.22"]

1. d4 {[%clk 1:30:57]} Nf6 {[%clk 1:30:52]} 2. c4 {[%clk 1:31:22]} e6 {[%clk
1:31:16]} 3. Nf3 {[%clk 1:31:37]} d5 {[%clk 1:31:17]} 4. g3 {[%clk 1:30:20]} c5
{[%clk 1:29:35]} 5. cxd5 {[%clk 1:30:19]} exd5 {[%clk 1:29:15]} 6. Bg2 {[%clk
1:28:19]} Nc6 {[%clk 1:27:32]} 7. O-O {[%clk 1:26:03]} Be7 {[%clk 1:23:40]} 8.
dxc5 {[%clk 1:24:35]} Bxc5 {[%clk 1:23:35]} 9. a3 {[%clk 1:23:56]} a5 {[%clk
1:21:52]} 10. Nc3 {[%clk 1:21:36]} d4 {[%clk 1:18:23]} 11. Nb5 {[%clk 1:18:53]}
O-O {[%clk 1:15:34]} 12. Bg5 {[%clk 1:15:12]} h6 {[%clk 1:14:21]} 13. Bxf6
{[%clk 1:13:46]} Qxf6 {[%clk 1:14:32]} 14. Rc1 {[%clk 1:12:38]} Bb6 {[%clk
1:12:01]} 15. Qd2 {[%clk 1:02:30]} Bf5 {[%clk 1:08:18]} 16. Rfd1 {[%clk
0:59:22]} Rad8 {[%clk 1:07:21]} 17. Qf4 {[%clk 0:46:11]} g5 {[%clk 1:03:29]}
18. Qd2 {[%clk 0:45:42]} d3 {[%clk 1:01:15]} 19. Nc3 {[%clk 0:41:48]} Rfe8
{[%clk 0:53:35]} 20. e3 {[%clk 0:21:42]} Bg4 {[%clk 0:50:59]} 21. Ne1 {[%clk
0:20:30]} Bxd1 {[%clk 0:50:14]} 22. Rxd1 {[%clk 0:19:33]} Ne5 {[%clk 0:46:40]}
23. b3 {[%clk 0:14:57]} Ng4 {[%clk 0:42:56]} 24. Ne4 {[%clk 0:10:29]} Qf5
{[%clk 0:39:09]} 25. h3 {[%clk 0:06:47]} Ne5 {[%clk 0:36:12]} 26. Qb2 {[%clk
0:05:05]} Re7 {[%clk 0:32:14]} 27. g4 {[%clk 0:02:18]} Qe6 {[%clk 0:31:25]} 28.
Ng3 {[%clk 0:02:15]} Red7 {[%clk 0:23:00]} 29. Nf5 {[%clk 0:01:53]} h5 {[%clk
0:22:11]} 30. Be4 {[%clk 0:01:03]} Qf6 {[%clk 0:20:13]} 31. Qb1 {[%clk
0:00:36]} hxg4 {[%clk 0:19:51]} 32. hxg4 {[%clk 0:01:03]} d2 {[%clk 0:17:43]}
33. Nc2 {[%clk 0:00:41]} Nxg4 {[%clk 0:16:46]} 34. f3 {[%clk 0:00:41]} Qe5
{[%clk 0:15:32]} 35. fxg4 {[%clk 0:00:37]} Qxe4 {[%clk 0:15:15]} 36. Kf2 {[%clk
0:00:32]} Qf4+ {[%clk 0:14:09]} 37. Kg2 {[%clk 0:00:37]} Qxg4+ {[%clk 0:14:16]}
38. Ng3 {[%clk 0:00:57]} Bc7 {[%clk 0:14:28]} 0-1

[Event "DEM U16w 2021"]
[Site "Willingen GER"]
[Date "2021.08.23"]
[Round "2"]
[White "Peglau, Mirjam"]
[Black "Margaryan, Susanna"]
[Result "1-0"]
[Termination "normal"]
[Board "8"]
[WhiteElo "1906"]
[BlackElo "1494"]
[WhiteClock "01:12:06"]
[BlackClock "01:09:01"]
[PlyCount "67"]
[WhiteFideId "16211138"]
[BlackFideId "16268210"]
[EventCountry "GER"]
[EventRounds "9"]
[EventType "swiss"]
[EventDate "2021.08.22"]

1. d4 {[%clk 1:30:57]} d5 {[%clk 1:30:45]} 2. Nf3 {[%clk 1:31:22]} Nf6 {[%clk
1:31:04]} 3. Bf4 {[%clk 1:31:46]} e6 {[%clk 1:31:13]} 4. e3 {[%clk 1:32:09]} c6
{[%clk 1:31:31]} 5. Bd3 {[%clk 1:31:48]} Bd6 {[%clk 1:31:43]} 6. Bg3 {[%clk
1:31:57]} O-O {[%clk 1:31:41]} 7. Nbd2 {[%clk 1:31:57]} b6 {[%clk 1:30:20]} 8.
O-O {[%clk 1:32:02]} Bb7 {[%clk 1:29:40]} 9. Rc1 {[%clk 1:32:11]} c5 {[%clk
1:29:26]} 10. c3 {[%clk 1:32:04]} Qe7 {[%clk 1:27:41]} 11. Qe2 {[%clk 1:30:49]}
Nbd7 {[%clk 1:26:17]} 12. e4 {[%clk 1:25:47]} dxe4 {[%clk 1:25:41]} 13. Nxe4
{[%clk 1:24:06]} Nxe4 {[%clk 1:23:44]} 14. Bxe4 {[%clk 1:24:33]} Bxe4 {[%clk
1:23:58]} 15. Qxe4 {[%clk 1:25:01]} Nf6 {[%clk 1:23:51]} 16. Qe2 {[%clk
1:24:39]} Bxg3 {[%clk 1:24:00]} 17. hxg3 {[%clk 1:23:32]} cxd4 {[%clk 1:24:06]}
18. Nxd4 {[%clk 1:23:46]} Rfe8 {[%clk 1:22:59]} 19. Rfe1 {[%clk 1:23:25]} Nd5
{[%clk 1:21:59]} 20. Rcd1 {[%clk 1:22:14]} Qb7 {[%clk 1:20:36]} 21. Qe5 {[%clk
1:17:38]} f6 {[%clk 1:13:31]} 22. Qe4 {[%clk 1:16:59]} Qd7 {[%clk 1:12:08]} 23.
Nxe6 {[%clk 1:15:08]} Kf7 {[%clk 1:11:20]} 24. Qxd5 {[%clk 1:14:30]} Qxd5
{[%clk 1:10:47]} 25. Rxd5 {[%clk 1:14:42]} Rac8 {[%clk 1:10:31]} 26. Rd7+
{[%clk 1:14:33]} Kg6 {[%clk 1:10:42]} 27. Kf1 {[%clk 1:14:06]} Rg8 {[%clk
1:08:52]} 28. Rxa7 {[%clk 1:13:59]} Rb8 {[%clk 1:08:42]} 29. Rd1 {[%clk
1:13:49]} b5 {[%clk 1:09:03]} 30. Rdd7 {[%clk 1:13:43]} b4 {[%clk 1:09:20]} 31.
c4 {[%clk 1:13:07]} b3 {[%clk 1:09:22]} 32. a3 {[%clk 1:13:24]} Rb6 {[%clk
1:09:15]} 33. Nd4 {[%clk 1:12:15]} Rc8 {[%clk 1:09:01]} 34. Rxg7+ {[%clk
1:12:06]} 1-0

[Event "DEM U16w 2021"]
[Site "Willingen GER"]
[Date "2021.08.23"]
[Round "2"]
[White "Petersen, Sophie"]
[Black "Schneider, Anna"]
[Result "1/2-1/2"]
[Termination "normal"]
[Board "9"]
[WhiteElo "1515"]
[BlackElo "1686"]
[WhiteClock "00:23:59"]
[BlackClock "00:24:14"]
[PlyCount "92"]
[WhiteFideId "16229380"]
[BlackFideId "16200527"]
[EventCountry "GER"]
[EventRounds "9"]
[EventType "swiss"]
[EventDate "2021.08.22"]

1. e4 {[%clk 1:30:57]} e5 {[%clk 1:30:54]} 2. Nf3 {[%clk 1:31:21]} Nc6 {[%clk
1:31:19]} 3. d4 {[%clk 1:31:38]} exd4 {[%clk 1:31:39]} 4. Nxd4 {[%clk 1:31:58]}
Bc5 {[%clk 1:31:10]} 5. Nb3 {[%clk 1:31:40]} Bb6 {[%clk 1:31:07]} 6. Nc3 {[%clk
1:31:11]} Qf6 {[%clk 1:26:52]} 7. Qe2 {[%clk 1:27:46]} Nge7 {[%clk 1:23:38]} 8.
Be3 {[%clk 1:20:34]} d6 {[%clk 1:18:20]} 9. O-O-O {[%clk 1:13:48]} Bd7 {[%clk
1:03:27]} 10. h4 {[%clk 1:05:30]} a5 {[%clk 0:55:09]} 11. Bxb6 {[%clk 1:01:11]}
cxb6 {[%clk 0:54:57]} 12. Nb5 {[%clk 1:00:49]} O-O {[%clk 0:49:36]} 13. Rxd6
{[%clk 0:57:49]} Qf4+ {[%clk 0:49:06]} 14. Qd2 {[%clk 0:52:46]} Qxd2+ {[%clk
0:47:46]} 15. Nxd2 {[%clk 0:52:16]} Rfd8 {[%clk 0:45:48]} 16. Nc4 {[%clk
0:47:28]} Nb4 {[%clk 0:37:29]} 17. Nxb6 {[%clk 0:41:46]} Bxb5 {[%clk 0:37:27]}
18. Rxd8+ {[%clk 0:41:26]} Rxd8 {[%clk 0:37:48]} 19. Bxb5 {[%clk 0:41:29]}
Nxa2+ {[%clk 0:36:49]} 20. Kb1 {[%clk 0:41:22]} Nb4 {[%clk 0:37:08]} 21. c3
{[%clk 0:40:11]} Nbc6 {[%clk 0:35:27]} 22. Kc2 {[%clk 0:35:04]} Rd6 {[%clk
0:31:40]} 23. Rd1 {[%clk 0:28:50]} Rf6 {[%clk 0:30:06]} 24. f3 {[%clk 0:27:57]}
Rg6 {[%clk 0:29:33]} 25. g4 {[%clk 0:26:08]} h6 {[%clk 0:26:51]} 26. Nd5 {[%clk
0:22:30]} Re6 {[%clk 0:22:18]} 27. Bd3 {[%clk 0:17:50]} Ng6 {[%clk 0:20:34]}
28. h5 {[%clk 0:15:00]} Nge5 {[%clk 0:19:43]} 29. Be2 {[%clk 0:14:02]} Ne7
{[%clk 0:16:39]} 30. Nxe7+ {[%clk 0:12:44]} Rxe7 {[%clk 0:16:58]} 31. Rd8+
{[%clk 0:13:01]} Kh7 {[%clk 0:17:18]} 32. f4 {[%clk 0:12:52]} Nc6 {[%clk
0:16:55]} 33. Rf8 {[%clk 0:12:29]} g6 {[%clk 0:15:03]} 34. hxg6+ {[%clk
0:10:18]} Kxg6 {[%clk 0:14:18]} 35. e5 {[%clk 0:09:00]} Kg7 {[%clk 0:12:31]}
36. Rc8 {[%clk 0:08:44]} Na7 {[%clk 0:07:18]} 37. Ra8 {[%clk 0:07:20]} Nc6
{[%clk 0:06:17]} 38. Bb5 {[%clk 0:06:34]} Rc7 {[%clk 0:03:03]} 39. Bxc6 {[%clk
0:03:56]} Rxc6 {[%clk 0:02:39]} 40. Ra7 {[%clk 0:01:22]} b6 {[%clk 0:01:04]}
41. f5 {[%clk 0:00:44]} Kf8 {[%clk 0:00:35]} 42. f6 {[%clk 0:29:13]} Kg8 {[%clk
0:29:00]} 43. Kd3 {[%clk 0:26:53]} Rc5 {[%clk 0:27:10]} 44. Re7 {[%clk
0:25:41]} Rb5 {[%clk 0:24:58]} 45. Kc2 {[%clk 0:23:53]} Rc5 {[%clk 0:24:05]}
46. Kd3 {[%clk 0:23:59]} Rb5 {[%clk 0:24:14]} 1/2-1/2

[Event "DEM U16w 2021"]
[Site "Willingen GER"]
[Date "2021.08.23"]
[Round "2"]
[White "Zöllner, Bente"]
[Black "Krause, Ricarda Sophie"]
[Result "1-0"]
[Termination "normal"]
[Board "10"]
[WhiteElo "1620"]
[BlackElo "1474"]
[WhiteClock "00:28:24"]
[BlackClock "00:01:37"]
[PlyCount "61"]
[WhiteFideId "16230523"]
[BlackFideId "16282930"]
[EventCountry "GER"]
[EventRounds "9"]
[EventType "swiss"]
[EventDate "2021.08.22"]

1. d4 {[%clk 1:30:58]} d5 {[%clk 1:30:55]} 2. Nf3 {[%clk 1:31:20]} Nf6 {[%clk
1:31:13]} 3. c4 {[%clk 1:31:38]} e6 {[%clk 1:31:09]} 4. Nc3 {[%clk 1:31:49]} c5
{[%clk 1:29:39]} 5. cxd5 {[%clk 1:31:39]} Nxd5 {[%clk 1:22:52]} 6. e4 {[%clk
1:30:19]} Nxc3 {[%clk 1:16:40]} 7. bxc3 {[%clk 1:30:34]} Nc6 {[%clk 1:11:48]}
8. Be3 {[%clk 1:24:39]} cxd4 {[%clk 1:06:39]} 9. cxd4 {[%clk 1:22:42]} Bb4+
{[%clk 1:01:06]} 10. Bd2 {[%clk 1:21:48]} Qa5 {[%clk 0:54:45]} 11. Be2 {[%clk
1:05:11]} O-O {[%clk 0:45:04]} 12. Bxb4 {[%clk 1:02:47]} Qxb4+ {[%clk 0:40:33]}
13. Qd2 {[%clk 1:02:12]} Qxd2+ {[%clk 0:38:46]} 14. Kxd2 {[%clk 1:02:09]} Rd8
{[%clk 0:36:22]} 15. Ke3 {[%clk 1:01:28]} Bd7 {[%clk 0:27:50]} 16. Rab1 {[%clk
0:58:27]} b6 {[%clk 0:22:29]} 17. Rhc1 {[%clk 0:57:06]} Ne7 {[%clk 0:15:47]}
18. Ba6 {[%clk 0:52:20]} Ng6 {[%clk 0:13:04]} 19. Rc7 {[%clk 0:47:35]} Bc8
{[%clk 0:12:32]} 20. Bb5 {[%clk 0:42:35]} Rb8 {[%clk 0:11:18]} 21. Rxa7 {[%clk
0:39:39]} f5 {[%clk 0:07:28]} 22. exf5 {[%clk 0:35:44]} exf5 {[%clk 0:07:52]}
23. Bc4+ {[%clk 0:35:34]} Kh8 {[%clk 0:07:43]} 24. Ng5 {[%clk 0:34:41]} f4+
{[%clk 0:07:08]} 25. Kd2 {[%clk 0:30:42]} Rxd4+ {[%clk 0:06:22]} 26. Kc3 {[%clk
0:30:49]} Rxc4+ {[%clk 0:02:33]} 27. Kxc4 {[%clk 0:31:04]} h6 {[%clk 0:02:32]}
28. Nf7+ {[%clk 0:30:00]} Kg8 {[%clk 0:02:40]} 29. Nd6 {[%clk 0:29:17]} Be6+
{[%clk 0:02:22]} 30. Kc3 {[%clk 0:28:19]} Ne7 {[%clk 0:01:37]} 31. Rxe7 {[%clk
0:28:24]} 1-0

[Event "DEM U16w 2021"]
[Site "Willingen GER"]
[Date "2021.08.23"]
[Round "2"]
[White "Wörz, Ann-Sophie"]
[Black "Jacobasch, Ronja"]
[Result "1/2-1/2"]
[Termination "normal"]
[Board "11"]
[WhiteElo "1563"]
[BlackElo "1421"]
[WhiteClock "00:09:28"]
[BlackClock "00:06:28"]
[PlyCount "63"]
[WhiteFideId "16265890"]
[BlackFideId "34604340"]
[EventCountry "GER"]
[EventRounds "9"]
[EventType "swiss"]
[EventDate "2021.08.22"]

1. c4 {[%clk 1:30:58]} e5 {[%clk 1:30:51]} 2. g3 {[%clk 1:31:24]} Nc6 {[%clk
1:31:12]} 3. Bg2 {[%clk 1:31:39]} f5 {[%clk 1:31:27]} 4. e3 {[%clk 1:31:36]}
Nf6 {[%clk 1:31:26]} 5. Nc3 {[%clk 1:31:16]} d6 {[%clk 1:27:56]} 6. Nge2 {[%clk
1:30:50]} g6 {[%clk 1:27:25]} 7. d3 {[%clk 1:30:06]} Bg7 {[%clk 1:26:05]} 8. a3
{[%clk 1:27:19]} a5 {[%clk 1:22:22]} 9. O-O {[%clk 1:27:03]} O-O {[%clk
1:22:16]} 10. h3 {[%clk 1:25:50]} Ne7 {[%clk 1:15:17]} 11. f4 {[%clk 1:24:32]}
c6 {[%clk 1:11:24]} 12. Bd2 {[%clk 1:16:36]} Be6 {[%clk 1:03:33]} 13. b3 {[%clk
1:03:15]} exf4 {[%clk 0:55:28]} 14. exf4 {[%clk 1:01:45]} Qb6+ {[%clk 0:50:22]}
15. Kh2 {[%clk 1:00:34]} d5 {[%clk 0:47:51]} 16. Na4 {[%clk 0:53:30]} Qc7
{[%clk 0:44:38]} 17. Rc1 {[%clk 0:48:54]} dxc4 {[%clk 0:38:58]} 18. dxc4 {[%clk
0:47:48]} Rfd8 {[%clk 0:36:14]} 19. Qc2 {[%clk 0:46:50]} Qd6 {[%clk 0:33:18]}
20. Be3 {[%clk 0:41:31]} Qd3 {[%clk 0:23:31]} 21. Qxd3 {[%clk 0:41:43]} Rxd3
{[%clk 0:23:59]} 22. Bc5 {[%clk 0:37:43]} Re8 {[%clk 0:19:46]} 23. Rfe1 {[%clk
0:30:22]} Nd7 {[%clk 0:13:23]} 24. Rcd1 {[%clk 0:28:47]} Rxd1 {[%clk 0:11:38]}
25. Rxd1 {[%clk 0:29:15]} Nxc5 {[%clk 0:11:05]} 26. Nxc5 {[%clk 0:29:38]} Bc8
{[%clk 0:10:13]} 27. Nd7 {[%clk 0:24:51]} Nd5 {[%clk 0:07:01]} 28. Rd2 {[%clk
0:13:03]} Bxd7 {[%clk 0:05:50]} 29. cxd5 {[%clk 0:12:36]} cxd5 {[%clk 0:05:51]}
30. Bxd5+ {[%clk 0:11:55]} Be6 {[%clk 0:05:59]} 31. Bxe6+ {[%clk 0:09:28]} Rxe6
{[%clk 0:06:28]} 32. Rd8+ 1/2-1/2

[Event "DEM U16w 2021"]
[Site "Willingen GER"]
[Date "2021.08.24"]
[Round "3"]
[White "Heutling, Elina"]
[Black "Dietz, Kristin"]
[Result "0-1"]
[Termination "normal"]
[Board "1"]
[WhiteElo "1919"]
[BlackElo "1933"]
[WhiteClock "00:28:55"]
[BlackClock "00:32:29"]
[PlyCount "100"]
[WhiteFideId "16244729"]
[BlackFideId "12993743"]
[EventCountry "GER"]
[EventRounds "9"]
[EventType "swiss"]
[EventDate "2021.08.22"]

1. e4 {[%clk 1:30:58]} c5 {[%clk 1:30:55]} 2. Nf3 {[%clk 1:31:09]} a6 {[%clk
1:31:14]} 3. c4 {[%clk 1:27:53]} e6 {[%clk 1:31:23]} 4. Nc3 {[%clk 1:25:16]}
Qc7 {[%clk 1:31:17]} 5. g3 {[%clk 1:15:25]} Nc6 {[%clk 1:30:54]} 6. Bg2 {[%clk
1:13:21]} Nf6 {[%clk 1:31:02]} 7. O-O {[%clk 1:11:39]} Be7 {[%clk 1:30:44]} 8.
d4 {[%clk 1:05:12]} cxd4 {[%clk 1:30:45]} 9. Nxd4 {[%clk 1:05:34]} O-O {[%clk
1:30:13]} 10. b3 {[%clk 0:59:30]} Rb8 {[%clk 1:28:44]} 11. a4 {[%clk 0:55:31]}
Bc5 12. Nc2 {[%clk 0:49:50]} d6 {[%clk 1:22:26]} 13. Qe2 {[%clk 0:40:32]} Nd7
{[%clk 1:05:03]} 14. Rd1 {[%clk 0:35:24]} Nde5 {[%clk 0:58:30]} 15. Be3 {[%clk
0:19:12]} Nb4 {[%clk 0:49:38]} 16. Nd4 {[%clk 0:15:17]} Bd7 {[%clk 0:40:15]}
17. Rac1 {[%clk 0:13:42]} Rfd8 {[%clk 0:37:03]} 18. f4 {[%clk 0:11:30]} Nec6
{[%clk 0:33:35]} 19. Kh1 {[%clk 0:09:51]} b6 {[%clk 0:28:23]} 20. Nf3 {[%clk
0:08:04]} Na5 {[%clk 0:26:47]} 21. Rb1 {[%clk 0:03:58]} Bc6 {[%clk 0:21:14]}
22. Bd4 {[%clk 0:03:31]} Nb7 {[%clk 0:17:16]} 23. Rb2 {[%clk 0:02:46]} Be8
{[%clk 0:14:31]} 24. Rbd2 {[%clk 0:01:52]} Nc6 {[%clk 0:13:59]} 25. Be3 {[%clk
0:01:38]} Bb4 {[%clk 0:13:43]} 26. Qd3 {[%clk 0:01:37]} Nc5 {[%clk 0:13:56]}
27. Bxc5 {[%clk 0:01:35]} bxc5 {[%clk 0:13:46]} 28. Qc2 {[%clk 0:01:27]} Na5
{[%clk 0:13:25]} 29. Rd3 {[%clk 0:01:26]} Bxc3 {[%clk 0:13:07]} 30. Qxc3 {[%clk
0:01:15]} Rxb3 {[%clk 0:12:36]} 31. Qa1 {[%clk 0:00:54]} Rxd3 {[%clk 0:12:51]}
32. Rxd3 {[%clk 0:01:19]} Nxc4 {[%clk 0:12:50]} 33. Qc3 {[%clk 0:01:03]} Nb6
{[%clk 0:12:42]} 34. Qa5 {[%clk 0:01:08]} Bxa4 {[%clk 0:12:38]} 35. Nd2 {[%clk
0:01:02]} Bb5 {[%clk 0:12:42]} 36. Rb3 {[%clk 0:00:58]} Nd5 {[%clk 0:12:36]}
37. Qa1 {[%clk 0:00:52]} Nb4 {[%clk 0:12:30]} 38. Qc1 {[%clk 0:01:02]} a5
{[%clk 0:12:33]} 39. Nc4 {[%clk 0:01:13]} Bxc4 {[%clk 0:12:44]} 40. Qxc4 {[%clk
0:01:41]} d5 {[%clk 0:12:05]} 41. exd5 {[%clk 0:30:30]} exd5 {[%clk 0:42:24]}
42. Qb5 {[%clk 0:30:41]} c4 {[%clk 0:35:54]} 43. Re3 {[%clk 0:29:44]} Kf8
{[%clk 0:34:57]} 44. Ra3 {[%clk 0:29:28]} Rb8 {[%clk 0:33:04]} 45. Qa4 {[%clk
0:29:48]} c3 {[%clk 0:32:33]} 46. Ra1 {[%clk 0:29:42]} d4 {[%clk 0:32:16]} 47.
Be4 {[%clk 0:28:38]} Re8 {[%clk 0:32:03]} 48. Bc2 {[%clk 0:28:09]} Nxc2 {[%clk
0:31:49]} 49. Qxc2 {[%clk 0:28:32]} Qb7+ {[%clk 0:32:05]} 50. Kg1 {[%clk
0:28:55]} Qb2 {[%clk 0:32:29]} 0-1